NHL 2023/24 All Skaters by Points - Statistics

General Stats
  • This quiz has been taken 23 times
  • The average score is 168 of 924
Answer Stats
Player Age Team Pos GP G A P▼ % Correct
Artemi Panarin 32 NYR LW 82 49 71 120
95%
Auston Matthews 26 TOR C 81 69 38 107
95%
Connor McDavid 27 EDM C 76 32 100 132
95%
David Pastrňák 27 BOS RW 82 47 63 110
95%
Nathan MacKinnon 28 COL C 82 51 89 140
95%
Nikita Kucherov 30 TBL RW 81 44 100 144
95%
Aleksander Barkov 28 FLA C 73 23 57 80
89%
Brady Tkachuk 24 OTT LW 81 37 37 74
89%
Colin Miller 31 TOT D 46 4 5 9
89%
J.T. Miller 30 VAN C 81 37 66 103
89%
K'Andre Miller 24 NYR D 80 8 22 30
89%
Leon Draisaitl 28 EDM C 81 41 65 106
89%
Matthew Tkachuk 26 FLA LW 80 26 62 88
89%
Alexander Nylander 25 TOT LW 28 11 4 15
84%
Cale Makar 25 COL D 77 21 69 90
84%
Filip Forsberg 29 NSH C 82 48 46 94
84%
Jack Hughes 22 NJD C 62 27 47 74
84%
Kirill Kaprizov 26 MIN LW 75 46 50 96
84%
Luke Hughes 20 NJD D 82 9 38 47
84%
Mitch Marner 26 TOR RW 69 26 59 85
84%
Quinn Hughes 24 VAN D 82 17 75 92
84%
Sidney Crosby 36 PIT C 82 42 52 94
84%
William Nylander 27 TOR C 82 40 58 98
84%
Brayden Point 27 TBL C 81 46 44 90
79%
Jason Robertson 24 DAL LW 82 29 51 80
79%
Mikko Rantanen 27 COL RW 80 42 62 104
79%
Nicholas Robertson 22 TOR LW 56 14 13 27
79%
Steven Stamkos 33 TBL C 79 40 41 81
79%
Akil Thomas 24 LAK C 7 3 1 4
74%
Elias Pettersson 25 VAN C 82 34 55 89
74%
Marcus Pettersson 27 PIT D 82 4 26 30
74%
Robert Thomas 24 STL C 82 26 60 86
74%
Roman Josi 33 NSH D 82 23 62 85
74%
Sam Reinhart 28 FLA C 82 57 37 94
74%
Sebastian Aho 26 CAR F 78 36 53 89
74%
Sebastian Aho 27 NYI D 58 2 7 9
74%
John Tavares 33 TOR C 80 29 36 65
68%
Mathew Barzal 26 NYI C 80 23 57 80
68%
Nick Suzuki 24 MTL C 82 33 44 77
68%
Evan Bouchard 24 EDM D 81 18 64 82
63%
Adam Fox 25 NYR D 72 17 56 73
58%
Brock Boeser 26 VAN RW 81 40 33 73
58%
Clayton Keller 25 ARI C 78 33 43 76
58%
Dylan Larkin 27 DET C 68 33 36 69
58%
Evgeni Malkin 37 PIT C 82 27 40 67
58%
Jake Bean 25 CBJ D 72 4 9 13
58%
Jesper Bratt 25 NJD W 82 27 56 83
58%
Joel Eriksson Ek 27 MIN C 77 30 34 64
58%
Lucas Raymond 21 DET LW 82 31 41 72
58%
Victor Hedman 33 TBL D 78 13 63 76
58%
Aaron Ekblad 27 FLA D 51 4 14 18
53%
Anže Kopitar 36 LAK C 81 26 44 70
53%
Chris Kreider 32 NYR LW 82 39 36 75
53%
Cole Caufield 23 MTL RW 82 28 37 65
53%
Connor Bedard 18 CHI C 68 22 39 61
53%
Erik Karlsson 33 PIT D 82 11 45 56
53%
Evander Kane 32 EDM LW 77 24 20 44
53%
Jeff Skinner 31 BUF LW 74 24 22 46
53%
Jordan Kyrou 25 STL C 82 31 36 67
53%
Kole Lind 25 SEA RW 1 0 0 0
53%
Kyle Connor 27 WPG LW 65 34 27 61
53%
Linus Karlsson 24 VAN C 4 0 0 0
53%
Nazem Kadri 33 CGY C 82 29 46 75
53%
Nico Hischier 25 NJD C 71 27 40 67
53%
Patrick Kane 35 DET RW 50 20 27 47
53%
Ross Johnston 29 ANA LW 68 1 3 4
53%
William Karlsson 31 VEG C 70 30 30 60
53%
Wyatt Johnston 20 DAL C 82 32 33 65
53%
Zach Hyman 31 EDM LW 80 54 23 77
53%
Alex Ovechkin 38 WSH LW 79 31 34 65
47%
Brendan Smith 34 NJD D 63 5 10 15
47%
Cole Smith 28 NSH F 80 9 14 23
47%
Craig Smith 34 DAL C 75 11 9 20
47%
Givani Smith 25 SJS RW 36 1 3 4
47%
Jack Eichel 27 VEG C 63 31 37 68
47%
Jack Thompson 21 TOT D 3 0 0 0
47%
Jamie Benn 34 DAL LW 82 21 39 60
47%
Jonathan Huberdeau 30 CGY LW 81 12 40 52
47%
Juraj Slafkovsky 19 MTL LW 82 20 30 50
47%
Kevin Fiala 27 LAK LW 82 29 44 73
47%
Mark Scheifele 30 WPG C 74 25 47 72
47%
Mika Zibanejad 30 NYR C 81 26 46 72
47%
Reilly Smith 32 PIT RW 76 13 27 40
47%
Roope Hintz 27 DAL LW 80 30 35 65
47%
Ryan Nugent-Hopkins 30 EDM C 80 18 49 67
47%
Tage Thompson 26 BUF C 71 29 27 56
47%
Timo Meier 27 NJD RW 69 28 24 52
47%
Tim Stützle 22 OTT LW 75 18 52 70
47%
Tom Wilson 29 WSH RW 74 18 17 35
47%
Tyler Seguin 32 DAL C 68 25 27 52
47%
Bo Horvat 28 NYI C 81 33 35 68
42%
Brad Marchand 35 BOS LW 82 29 38 67
42%
Brandon Hagel 25 TBL LW 82 26 49 75
42%
Caleb Jones 26 COL D 25 0 5 5
42%
Drake Batherson 25 OTT C 82 28 38 66
42%
Dylan Strome 26 WSH C 82 27 40 67
42%
Erik Johnson 35 TOT D 67 5 1 6
42%
Ethan Bear 26 WSH D 24 1 3 4
42%
Jack Johnson 37 COL D 80 3 13 16
42%
Jake Guentzel 29 TOT C 67 30 47 77
42%
Joey Anderson 25 CHI RW 55 5 12 17
42%
John Carlson 34 WSH D 82 10 42 52
42%
Jonathan Marchessault 33 VEG C 82 42 27 69
42%
Josh Anderson 29 MTL RW 78 9 11 20
42%
Kent Johnson 21 CBJ C 42 6 10 16
42%
Leo Carlsson 19 ANA C 55 12 17 29
42%
Logan Cooley 19 ARI C 82 20 24 44
42%
Mark Stone 31 VEG RW 56 16 37 53
42%
Max Jones 25 ANA LW 52 5 10 15
42%
Michael Anderson 24 LAK D 74 2 16 18
42%
Philip Kemp 24 EDM D 1 0 0 0
42%
Rasmus Andersson 27 CGY D 78 9 30 39
42%
Reese Johnson 25 CHI F 42 2 3 5
42%
Ryan Johnson 22 BUF D 41 0 7 7
42%
Ryan Strome 30 ANA C 79 11 30 41
42%
Seth Jarvis 21 CAR C 81 33 34 67
42%
Seth Jones 29 CHI D 67 8 23 31
42%
Tomáš Hertl 30 TOT C 54 17 21 38
42%
Tyler Johnson 33 CHI C 67 17 14 31
42%
Zachary Jones 23 NYR D 31 2 7 9
42%
Alex DeBrincat 26 DET RW 82 27 40 67
37%
Andrei Svechnikov 23 CAR RW 59 19 33 52
37%
Brayden Schenn 32 STL C 82 20 26 46
37%
Brock Nelson 32 NYI C 82 34 35 69
37%
Bryan Rust 31 PIT RW 62 28 28 56
37%
Carter Verhaeghe 28 FLA C 76 34 38 72
37%
Charlie Coyle 31 BOS C 82 25 35 60
37%
Colin White 27 TOT C 28 0 0 0
37%
Josh Morrissey 28 WPG D 81 10 59 69
37%
Luke Schenn 34 NSH D 63 1 6 7
37%
Marco Rossi 22 MIN C 82 21 19 40
37%
Marcus Foligno 32 MIN LW 55 10 12 22
37%
Matt Boldy 22 MIN LW 75 29 40 69
37%
Mike Reilly 30 TOT D 61 6 18 24
37%
Nate Schmidt 32 WPG D 63 2 12 14
37%
Nick Foligno 36 CHI LW 74 17 20 37
37%
Rasmus Dahlin 23 BUF D 81 20 39 59
37%
Ryan O'Reilly 32 NSH C 82 26 43 69
37%
Sam Bennett 27 FLA C 69 20 21 41
37%
Taylor Hall 32 CHI LW 10 2 2 4
37%
Vincent Trocheck 30 NYR C 82 25 52 77
37%
Alexis Lafrenière 22 NYR LW 82 28 29 57
32%
Anders Lee 33 NYI LW 81 20 17 37
32%
Connor Brown 30 EDM RW 71 4 8 12
32%
Corey Perry 38 TOT RW 54 12 10 22
32%
Darnell Nurse 28 EDM D 81 10 22 32
32%
Dmitry Orlov 32 CAR D 82 6 20 26
32%
Drew Doughty 34 LAK D 82 15 35 50
32%
Elias Lindholm 29 TOT C 75 15 29 44
32%
Frank Vatrano 29 ANA LW 82 37 23 60
32%
Frédérick Gaudreau 30 MIN C 67 5 10 15
32%
Hampus Lindholm 30 BOS D 73 3 23 26
32%
Jake Evans 27 MTL C 82 7 21 28
32%
Jared McCann 27 SEA C 80 29 33 62
32%
Jared Spurgeon 34 MIN D 16 0 5 5
32%
Johnny Gaudreau 30 CBJ LW 81 12 48 60
32%
Josh Brown 30 ARI D 51 3 7 10
32%
Josh Manson 32 COL D 76 8 17 25
32%
Justin Holl 32 DET D 38 0 5 5
32%
Kris Letang 36 PIT D 82 10 41 51
32%
Lane Hutson 19 MTL D 2 0 2 2
32%
Matt Duchene 33 DAL C 80 25 40 65
32%
Mattias Ekholm 33 EDM D 79 11 34 45
32%
Mike Matheson 29 MTL D 82 11 51 62
32%
Mikhail Sergachev 25 TBL D 34 2 17 19
32%
Miro Heiskanen 24 DAL D 71 9 45 54
32%
Moritz Seider 22 DET D 82 9 33 42
32%
Nicklas Bäckström 36 WSH C 8 0 1 1
32%
Nikolaj Ehlers 27 WPG LW 82 25 36 61
32%
Noah Dobson 24 NYI D 79 10 60 70
32%
Oliver Ekman-Larsson 32 FLA D 80 9 23 32
32%
Ondrej Pavel 23 COL F 2 0 0 0
32%
Patrick Brown 31 BOS C 11 0 1 1
32%
Quinton Byfield 21 LAK C 80 20 35 55
32%
Ryan Reaves 37 TOR RW 49 4 2 6
32%
Ryker Evans 22 SEA D 36 1 8 9
32%
Travis Konecny 26 PHI C 76 33 35 68
32%
Trevor Zegras 22 ANA C 31 6 9 15
32%
Adam Fantilli 19 CBJ C 49 12 15 27
26%
Adrian Kempe 27 LAK LW 77 28 47 75
26%
Alexandre Carrier 27 NSH D 73 4 16 20
26%
Alex Vlasic 22 CHI D 76 2 14 16
26%
André Burakovsky 28 SEA LW 49 7 9 16
26%
Anthony Cirelli 26 TBL C 79 20 25 45
26%
Blake Coleman 32 CGY C 78 30 24 54
26%
Blake Wheeler 37 NYR RW 54 9 12 21
26%
Brandon Carlo 27 BOS D 76 4 10 14
26%
Brandon Montour 29 FLA D 66 8 25 33
26%
Brent Burns 38 CAR D 82 10 33 43
26%
Calvin de Haan 32 TBL D 59 3 7 10
26%
Cam Fowler 32 ANA D 81 5 34 39
26%
Claude Giroux 36 OTT C 82 21 43 64
26%
Cody Glass 24 NSH C 41 6 7 13
26%
Cole Perfetti 22 WPG C 71 19 19 38
26%
Colton Parayko 30 STL D 82 10 16 26
26%
David Perron 35 DET LW 76 17 30 47
26%
Dawson Mercer 22 NJD C 82 20 13 33
26%
Devon Toews 29 COL D 82 12 38 50
26%
Dougie Hamilton 30 NJD D 20 5 11 16
26%
Erik Černák 26 TBL D 69 2 11 13
26%
Evan Rodrigues 30 FLA C 80 12 27 39
26%
Evgeny Kuznetsov 31 TOT C 63 8 16 24
26%
Ian Cole 34 VAN D 78 2 9 11
26%
Jeff Carter 39 PIT C 72 11 4 15
26%
J.J. Moser 23 ARI D 80 5 21 26
26%
Joe Pavelski 39 DAL C 82 27 40 67
26%
Jonas Brodin 30 MIN D 62 7 20 27
26%
Jordan Eberle 33 SEA RW 78 17 27 44
26%
Jordan Harris 23 MTL D 56 3 11 14
26%
Jordan Staal 35 CAR C 80 10 20 30
26%
Joshua Roy 20 MTL RW 23 4 5 9
26%
Justin Bailey 28 SJS RW 59 5 9 14
26%
Kasperi Kapanen 27 STL RW 73 6 16 22
26%
Kevin Bahl 23 NJD D 82 1 10 11
26%
Logan Couture 34 SJS C 6 0 1 1
26%
Logan Stanley 25 WPG D 25 1 1 2
26%
Marc-Édouard Vlasic 36 SJS D 57 6 6 12
26%
Marc Staal 37 PHI D 35 1 4 5
26%
Martin Nečas 25 CAR C 77 24 29 53
26%
Mathieu Joseph 26 OTT RW 72 11 24 35
26%
Mats Zuccarello 36 MIN LW 69 12 51 63
26%
Matthew Knies 21 TOR LW 80 15 20 35
26%
Mattias Samuelsson 23 BUF D 41 1 6 7
26%
Matt Roy 28 LAK D 81 5 20 25
26%
Morgan Geekie 25 BOS C 76 17 22 39
26%
Morgan Rielly 29 TOR D 72 7 51 58
26%
Nicolas Roy 26 VEG C 70 13 28 41
26%
Ondřej Palát 32 NJD LW 71 11 20 31
26%
Owen Power 21 BUF D 76 6 27 33
26%
Pierre-Olivier Joseph 24 PIT D 52 2 9 11
26%
Sean Couturier 31 PHI C 74 11 27 38
26%
Troy Terry 26 ANA C 76 20 34 54
26%
Viktor Arvidsson 30 LAK LW 18 6 9 15
26%
Vince Dunn 27 SEA D 59 11 35 46
26%
William Carrier 29 VEG LW 39 6 2 8
26%
Yan Kuznetsov 21 CGY D 1 0 0 0
26%
Adam Larsson 31 SEA D 81 4 14 18
21%
Adam Lowry 30 WPG LW 81 12 23 35
21%
Adam Pelech 29 NYI D 58 1 15 16
21%
Alex Pietrangelo 34 VEG D 64 4 29 33
21%
Anthony Duclair 28 TOT LW 73 24 18 42
21%
Arber Xhekaj 23 MTL D 44 3 7 10
21%
Artturi Lehkonen 28 COL LW 45 16 18 34
21%
Austin Watson 32 TBL LW 33 2 2 4
21%
Boone Jenner 30 CBJ C 58 22 13 35
21%
Brandt Clarke 20 LAK D 16 2 4 6
21%
Brendan Gallagher 31 MTL RW 77 16 15 31
21%
Brett Howden 25 VEG C 72 8 11 19
21%
Brett Murray 25 BUF LW 2 0 0 0
21%
Brock Faber 21 MIN D 82 8 39 47
21%
Cam Atkinson 34 PHI RW 70 13 15 28
21%
Charlie McAvoy 26 BOS D 74 12 35 47
21%
Christian Fischer 26 DET RW 79 5 14 19
21%
Connor Zary 22 CGY C 63 14 20 34
21%
Dakota Joshua 27 VAN C 63 18 14 32
21%
Devin Shore 29 SEA C 21 1 3 4
21%
Dylan Cozens 22 BUF C 79 18 29 47
21%
Eric Robinson 28 TOT LW 47 3 7 10
21%
Filip Hronek 26 VAN D 81 5 43 48
21%
Fredrik Olofsson 27 COL LW 57 3 6 9
21%
Gabriel Vilardi 24 WPG C 47 22 14 36
21%
Graeme Clarke 22 NJD RW 3 0 0 0
21%
Gustav Forsling 27 FLA D 79 10 29 39
21%
Gustav Nyquist 34 NSH RW 81 23 52 75
21%
Gustav Olofsson 29 SEA D 1 0 0 0
21%
Jaccob Slavin 29 CAR D 81 6 31 37
21%
Jackson Blake 20 CAR RW 1 0 0 0
21%
Jake Sanderson 21 OTT D 79 10 28 38
21%
Jalen Chatfield 27 CAR D 72 8 14 22
21%
Joel Edmundson 30 TOT D 53 1 5 6
21%
Justin Barron 22 MTL D 48 7 6 13
21%
Kaapo Kakko 22 NYR RW 61 13 6 19
21%
Kevin Hayes 31 STL RW 79 13 16 29
21%
Kirill Marchenko 23 CBJ RW 78 23 19 42
21%
Lawson Crouse 26 ARI LW 81 23 19 42
21%
MacKenzie Weegar 30 CGY D 82 20 32 52
21%
Matthew Beniers 21 SEA C 77 15 22 37
21%
Matthew Kessel 23 STL D 39 1 6 7
21%
Matt Martin 34 NYI LW 57 4 4 8
21%
Mikael Backlund 34 CGY C 82 15 24 39
21%
Morgan Barron 25 WPG C 80 11 7 18
21%
Nathan Walker 29 STL C 45 7 6 13
21%
Neal Pionk 28 WPG D 82 5 28 33
21%
Nick Paul 28 TBL LW 82 24 22 46
21%
Owen Tippett 24 PHI RW 78 28 25 53
21%
Parker Kelly 24 OTT F 80 8 10 18
21%
Patrik Laine 25 CBJ RW 18 6 3 9
21%
Pavel Buchnevich 28 STL LW 80 27 36 63
21%
Pavel Zacha 26 BOS C 78 21 38 59
21%
Philip Broberg 22 EDM D 12 0 2 2
21%
Philippe Myers 27 TBL D 5 0 0 0
21%
Pierre-Luc Dubois 25 LAK LW 82 16 24 40
21%
Pius Suter 27 VAN F 67 14 15 29
21%
Radko Gudas 33 ANA D 66 6 12 18
21%
Rasmus Sandin 23 WSH D 68 3 20 23
21%
Ross Colton 27 COL C 80 17 23 40
21%
Ryan Graves 28 PIT D 70 3 11 14
21%
Ryan Lindgren 25 NYR D 76 3 14 17
21%
Ryan Lomberg 29 FLA LW 75 5 2 7
21%
Ryan McDonagh 34 NSH D 74 3 29 32
21%
Ryan Pulock 29 NYI D 58 5 14 19
21%
Ryan Suter 39 DAL D 82 2 15 17
21%
Sam Steel 25 DAL C 77 9 15 24
21%
Samuel Walker 24 MIN C 4 0 0 0
21%
Sean Walker 29 TOT D 81 10 19 29
21%
Shane Wright 20 SEA C 8 4 1 5
21%
Thomas Harley 22 DAL D 79 15 32 47
21%
T.J. Oshie 37 WSH C 52 12 13 25
21%
Torey Krug 32 STL D 77 4 35 39
21%
Travis Sanheim 27 PHI D 81 10 34 44
21%
Trevor Lewis 37 LAK C 82 8 8 16
21%
Trevor Moore 28 LAK LW 82 31 26 57
21%
Tyler Myers 33 VAN D 77 5 24 29
21%
Tyler Toffoli 31 TOT C 79 33 22 55
21%
Valeri Nichushkin 28 COL RW 54 28 25 53
21%
Victor Olofsson 28 BUF RW 51 7 8 15
21%
Vladislav Gavrikov 28 LAK D 77 6 17 23
21%
William Cuylle 21 NYR LW 81 13 8 21
21%
Yanni Gourde 32 SEA C 80 11 22 33
21%
Zach Werenski 26 CBJ D 70 11 46 57
21%
Zach Whitecloud 27 VEG D 61 2 12 14
21%
Adam Ružička 24 TOT C 42 3 6 9
16%
A.J. Greer 27 CGY LW 59 6 6 12
16%
Alec Martinez 36 VEG D 55 4 13 17
16%
Alex Iafallo 30 WPG C 82 11 16 27
16%
Alex Newhook 23 MTL C 55 15 19 34
16%
Alex Tuch 27 BUF RW 75 22 37 59
16%
Alex Turcotte 22 LAK C 20 1 3 4
16%
Aliaksei Protas 23 WSH C 78 6 23 29
16%
Andrei Kuzmenko 27 TOT F 72 22 24 46
16%
Andrew Copp 29 DET C 79 13 20 33
16%
Anthony Mantha 29 TOT RW 74 23 21 44
16%
Bobby Brink 22 PHI RW 57 11 12 23
16%
Bobby McMann 27 TOR F 56 15 9 24
16%
Bowen Byram 22 TOT D 73 11 18 29
16%
Brandon Saad 31 STL LW 82 26 16 42
16%
Brandon Tanev 32 SEA LW 66 7 9 16
16%
Brett Pesce 29 CAR D 70 3 10 13
16%
Cameron York 23 PHI D 82 10 20 30
16%
Chandler Stephenson 29 VEG C 75 16 35 51
16%
Chris Tanev 34 TOT D 75 2 17 19
16%
Cody Ceci 30 EDM D 79 5 20 25
16%
Colin Blackwell 30 CHI C 44 8 4 12
16%
Collin Graf 21 SJS F 7 0 2 2
16%
Connor McMichael 23 WSH C 80 18 15 33
16%
Connor Murphy 30 CHI D 46 2 6 8
16%
Conor Garland 27 VAN RW 82 20 27 47
16%
Cutter Gauthier 20 ANA LW 1 0 1 1
16%
Daniel Sprong 26 DET RW 76 18 25 43
16%
Dante Fabbro 25 NSH D 56 3 10 13
16%
Darren Raddysh 27 TBL D 82 6 27 33
16%
David Gustafsson 23 WPG C 39 3 4 7
16%
David Kämpf 29 TOR C 78 8 11 19
16%
Derek Ryan 37 EDM C 70 5 7 12
16%
Dmitry Kulikov 33 FLA D 76 1 19 20
16%
Drew O'Connor 25 PIT F 79 16 17 33
16%
Dylan Guenther 20 ARI RW 45 18 17 35
16%
Dylan Holloway 22 EDM C 38 6 3 9
16%
Dylan Samberg 25 WPG D 78 1 17 18
16%
Erik Gustafsson 31 NYR D 76 6 25 31
16%
Esa Lindell 29 DAL D 82 5 21 26
16%
Filip Chytil 24 NYR C 10 0 6 6
16%
Frank Nazar 20 CHI C 3 1 0 1
16%
Garnet Hathaway 32 PHI RW 82 7 10 17
16%
Isaak Phillips 22 CHI D 33 0 6 6
16%
Ivan Provorov 27 CBJ D 82 5 27 32
16%
Jacob Peterson 24 SJS C 6 0 0 0
16%
Jacob Trouba 29 NYR D 69 3 19 22
16%
Jaden Schwartz 31 SEA C 62 13 17 30
16%
Jake DeBrusk 27 BOS LW 80 19 21 40
16%
Jake Walman 27 DET D 63 12 9 21
16%
Jakob Chychrun 25 OTT D 82 14 27 41
16%
Jakub Vrána 27 STL LW 21 2 4 6
16%
James van Riemsdyk 34 BOS LW 71 11 27 38
16%
Jason Dickinson 28 CHI C 82 22 13 35
16%
Jeff Petry 36 DET D 73 3 21 24
16%
Joel Armia 30 MTL RW 66 17 8 25
16%
John-Jason Peterka 22 BUF RW 82 28 22 50
16%
Jonas Siegenthaler 26 NJD D 57 1 8 9
16%
Jonathan Drouin 28 COL LW 79 19 37 56
16%
Josh Doan 21 ARI RW 11 5 4 9
16%
Joshua Norris 24 OTT C 50 16 14 30
16%
Julien Gauthier 26 NYI RW 27 5 4 9
16%
Justin Faulk 31 STL D 60 2 28 30
16%
Justin Schultz 33 SEA D 70 7 19 26
16%
Kaiden Guhle 22 MTL D 70 6 16 22
16%
Kevin Shattenkirk 35 BOS D 61 6 18 24
16%
Kirby Dach 23 MTL C 2 0 2 2
16%
Kyle Palmieri 32 NYI RW 82 30 24 54
16%
Lars Eller 34 PIT C 82 15 16 31
16%
Liam O'Brien 29 ARI C 75 5 9 14
16%
Logan Morrison 21 SEA F 4 0 0 0
16%
Logan O'Connor 27 COL RW 57 13 12 25
16%
Logan Stankoven 20 DAL C 24 6 8 14
16%
Luke Evangelista 21 NSH RW 80 16 23 39
16%
Mario Ferraro 25 SJS D 78 3 18 21
16%
Martin Pospisil 24 CGY C 63 8 16 24
16%
Mason Appleton 28 WPG C 82 14 22 36
16%
Mason Marchment 28 DAL F 81 22 31 53
16%
Mason McTavish 21 ANA C 64 19 23 42
16%
Mathew Dumba 29 TOT D 76 4 8 12
16%
Matthew Phillips 25 TOT F 31 1 4 5
16%
Mavrik Bourque 22 DAL C 1 0 0 0
16%
Max Domi 28 TOR LW 80 9 38 47
16%
Max Pacioretty 35 WSH LW 47 4 19 23
16%
Michael Bunting 28 TOT LW 81 19 36 55
16%
Michael Kesselring 24 ARI D 65 5 16 21
16%
Mike Hoffman 34 SJS C 66 10 13 23
16%
Mitchell Stephens 26 MTL C 23 2 1 3
16%
Morgan Frost 24 PHI C 71 13 28 41
16%
Nick Cousins 30 FLA C 69 7 8 15
16%
Nick Schmaltz 27 ARI C 79 22 39 61
16%
Nick Seeler 30 PHI D 71 1 12 13
16%
Nicolas Hague 25 VEG D 73 2 10 12
16%
Nico Sturm 28 SJS C 63 5 8 13
16%
Nikita Zadorov 28 TOT D 75 6 14 20
16%
Niko Mikkola 27 FLA D 82 3 14 17
16%
Oskar Steen 25 BOS C 34 1 0 1
16%
Paul Cotter 24 VEG C 76 7 18 25
16%
Pavel Dorofeyev 23 VEG LW 47 13 11 24
16%
Philip Tomasino 22 NSH C 41 7 13 20
16%
Phillip Danault 30 LAK C 78 17 30 47
16%
Radek Faksa 30 DAL C 74 7 12 19
16%
Rasmus Ristolainen 29 PHI D 31 1 3 4
16%
Ridly Greig 21 OTT C 72 13 13 26
16%
Ryan Donato 27 CHI C 78 12 18 30
16%
Ryan Hartman 29 MIN RW 74 21 24 45
16%
Samuel Girard 25 COL D 59 3 15 18
16%
Scott Laughton 29 PHI C 82 13 26 39
16%
Sean Durzi 25 ARI D 76 9 32 41
16%
Sean Monahan 29 TOT C 83 26 33 59
16%
Shane Pinto 23 OTT C 41 9 18 27
16%
Shayne Gostisbehere 30 DET D 81 10 46 56
16%
Shea Theodore 28 VEG D 47 5 37 42
16%
Simon Nemec 19 NJD D 60 3 16 19
16%
Taylor Raddysh 25 CHI RW 73 5 9 14
16%
Teddy Blueger 29 VAN C 68 6 22 28
16%
Teuvo Teräväinen 29 CAR F 76 25 28 53
16%
Thomas Chabot 27 OTT D 51 9 21 30
16%
Travis Hamonic 33 OTT D 48 2 4 6
16%
Trevor van Riemsdyk 32 WSH D 70 0 14 14
16%
Tyler Tucker 23 STL D 26 1 1 2
16%
Vladimir Tarasenko 32 TOT RW 76 23 32 55
16%
William Borgen 27 SEA D 82 3 22 25
16%
William Eklund 21 SJS LW 80 16 29 45
16%
Zach Dean 21 STL C 9 0 0 0
16%
Adam Gaudette 27 STL C 2 0 0 0
11%
Adam Henrique 33 TOT C 82 24 27 51
11%
Aku Raty 22 ARI RW 1 0 1 1
11%
Alexander Kerfoot 29 ARI C 82 13 32 45
11%
Alexander Petrovic 31 DAL D 1 0 0 0
11%
Alexander Wennberg 29 TOT C 79 10 20 30
11%
Alex Killorn 34 ANA C 63 18 18 36
11%
Alex Laferriere 22 LAK RW 81 12 11 23
11%
Andrew Mangiapane 27 CGY LW 75 14 26 40
11%
Anthony Beauvillier 26 TOT LW 60 5 12 17
11%
Anthony Richard 27 BOS C 9 1 2 3
11%
Anton Lundell 22 FLA C 78 13 22 35
11%
Artem Zub 28 OTT D 69 5 20 25
11%
Barclay Goodrow 30 NYR RW 80 4 8 12
11%
Ben Chiarot 32 DET D 77 5 15 20
11%
Ben Hutton 30 VEG D 41 2 8 10
11%
Blake Lizotte 26 LAK C 62 7 8 15
11%
Brady Skjei 29 CAR D 80 13 34 47
11%
Brayden McNabb 33 VEG D 82 4 22 26
11%
Brayden Pachal 24 TOT D 50 2 5 7
11%
Brendan Lemieux 27 CAR LW 32 3 2 5
11%
Brenden Dillon 33 WPG D 77 8 12 20
11%
Brett Kulak 30 EDM D 82 3 13 16
11%
Brian Dumoulin 32 SEA D 80 6 10 16
11%
Cale Fleury 25 SEA D 1 0 0 0
11%
Calen Addison 23 TOT D 72 1 16 17
11%
Callahan Burke 26 CAR C 1 0 0 0
11%
Casey Cizikas 32 NYI C 70 10 13 23
11%
Casey Mittelstadt 25 TOT C 80 18 39 57
11%
Christian Dvorak 27 MTL C 30 5 4 9
11%
Cole Schwindt 22 CGY RW 4 0 0 0
11%
Cole Sillinger 20 CBJ C 77 13 19 32
11%
Colton Sissons 30 NSH C 81 15 20 35
11%
Damon Severson 29 CBJ D 67 9 19 28
11%
David Jiříček 20 CBJ D 43 1 9 10
11%
David Savard 33 MTL D 60 6 18 24
11%
Derek Forbort 31 BOS D 35 0 4 4
11%
Dillon Dubé 25 CGY C 43 3 4 7
11%
Dylan Coghlan 25 CAR D 1 0 0 0
11%
Dylan DeMelo 30 WPG D 82 3 28 31
11%
Eeli Tolvanen 24 SEA RW 81 16 25 41
11%
Erik Gudbranson 32 CBJ D 78 6 20 26
11%
Erik Haula 32 NJD LW 76 16 19 35
11%
Evgenii Dadonov 34 DAL RW 51 12 11 23
11%
Fabian Zetterlund 24 SJS W 82 24 20 44
11%
Fraser Minten 19 TOR C 4 0 0 0
11%
Grant Hutton 28 NYI D 2 0 0 0
11%
Gustav Lindström 25 TOT D 46 3 7 10
11%
Haydn Fleury 27 TBL D 24 1 4 5
11%
Hendrix Lapierre 21 WSH C 51 8 14 22
11%
Ivan Barbashev 28 VEG C 82 19 26 45
11%
Jack Drury 23 CAR C 74 8 19 27
11%
Jack McBain 24 ARI C 67 8 18 26
11%
Jack Quinn 22 BUF RW 27 9 10 19
11%
Jack Roslovic 27 TOT C 59 9 22 31
11%
Jackson LaCombe 23 ANA D 71 2 15 17
11%
Jacob Middleton 28 MIN D 80 7 18 25
11%
Jake McCabe 30 TOR D 73 8 20 28
11%
Jake Neighbours 21 STL LW 77 27 11 38
11%
Jamie Drysdale 21 TOT D 34 3 7 10
11%
Jan Rutta 33 SJS D 69 5 14 19
11%
Jayden Struble 22 MTL D 56 3 7 10
11%
Jean-Gabriel Pageau 31 NYI C 82 11 22 33
11%
Jeremy Lauzon 26 NSH D 79 6 8 14
11%
Jesper Fast 32 CAR RW 73 6 13 19
11%
Jesperi Kotkaniemi 23 CAR C 79 12 15 27
11%
Jimmy Vesey 30 NYR LW 80 13 13 26
11%
Joel Farabee 23 PHI LW 82 22 28 50
11%
Joel Hanley 32 TOT D 42 1 4 5
11%
Joel Kiviranta 27 COL F 56 3 6 9
11%
Joe Veleno 24 DET C 80 12 16 28
11%
John Leonard 25 ARI LW 6 1 0 1
11%
Jonatan Berggren 23 DET RW 12 2 4 6
11%
Jonathan Gruden 23 PIT C 13 1 0 1
11%
Jordan Martinook 31 CAR LW 82 14 18 32
11%
Jordan Spence 22 LAK D 71 2 22 24
11%
Justin Kirkland 27 ARI LW 2 0 0 0
11%
Keegan Kolesar 26 VEG RW 79 8 10 18
11%
Kevin Korchinski 19 CHI D 76 5 10 15
11%
Kevin Labanc 28 SJS RW 46 2 7 9
11%
Kevin Rooney 30 CGY C 33 3 1 4
11%
Kevin Stenlund 27 FLA C 81 11 4 15
11%
Kiefer Sherwood 28 NSH RW 68 10 17 27
11%
Kurtis MacDermid 29 TOT D 45 2 1 3
11%
Kyle Okposo 35 TOT RW 67 12 10 22
11%
Liam Ohgren 20 MIN LW 4 1 1 2
11%
Logan Mailloux 20 MTL D 1 0 1 1
11%
Lucas Johansen 26 WSH D 6 0 1 1
11%
Luke Glendening 34 TBL C 81 10 1 11
11%
Luke Kunin 26 SJS C 77 11 7 18
11%
Mark Giordano 40 TOR D 46 3 6 9
11%
Mark Jankowski 29 NSH C 32 7 8 15
11%
Mason Lohrei 23 BOS D 41 4 9 13
11%
Mason Shaw 25 MIN C 20 1 2 3
11%
Mathieu Olivier 26 CBJ F 54 5 7 12
11%
Matias Maccelli 23 ARI LW 82 17 40 57
11%
Matt Grzelcyk 30 BOS D 63 2 9 11
11%
Matthew Poitras 19 BOS C 33 5 10 15
11%
Matt Rempe 21 NYR C 17 1 1 2
11%
Michael Amadio 27 VEG C 73 14 13 27
11%
Michael McLeod 25 NJD C 45 10 9 19
11%
Michael Rasmussen 24 DET C 75 13 20 33
11%
Mikael Granlund 31 SJS C 69 12 48 60
11%
Miles Wood 28 COL LW 74 9 17 26
11%
Nathan Bastian 26 NJD RW 54 5 7 12
11%
Nic Dowd 33 WSH C 64 12 10 22
11%
Nick Jensen 33 WSH D 78 1 13 14
11%
Nick Leddy 32 STL D 82 3 25 28
11%
Nicolas Deslauriers 32 PHI LW 60 1 3 4
11%
Nils Åman 23 VAN C 43 3 4 7
11%
Nils Höglander 23 VAN LW 80 24 12 36
11%
Nino Niederreiter 31 WPG RW 77 18 16 34
11%
Noah Cates 24 PHI LW 59 6 12 18
11%
Noah Gregor 25 TOR C 63 6 6 12
11%
Noah Hanifin 27 TOT D 80 13 34 47
11%
Olen Zellweger 20 ANA D 26 2 7 9
11%
Oliver Bjorkstrand 28 SEA RW 82 20 39 59
11%
Olli Määttä 29 DET D 72 4 14 18
11%
Oskar Lindblom 27 SJS LW 1 0 0 0
11%
Oskar Sundqvist 29 STL C 71 6 15 21
11%
Peyton Krebs 23 BUF C 80 4 13 17
11%
Pierre Engvall 27 NYI LW 74 10 18 28
11%
Pierrick Dube 23 WSH F 3 0 0 0
11%
Pontus Holmberg 24 TOR RW 54 7 10 17
11%
Rafaël Harvey-Pinard 25 MTL LW 45 2 8 10
11%
Rem Pitlick 26 CHI C 9 0 0 0
11%
Rhett Gardner 27 PHI C 1 0 0 0
11%
Riley Nash 34 NYR C 1 0 0 0
11%
Robby Fabbri 28 DET C 68 18 14 32
11%
Ryan Carpenter 33 SJS C 62 5 7 12
11%
Ryan Johansen 31 COL C 63 13 10 23
11%
Ryan McLeod 24 EDM C 81 12 18 30
11%
Ryan Shea 26 PIT D 31 1 0 1
11%
Sam Carrick 31 TOT C 77 10 6 16
11%
Sam Lafferty 28 VAN C 79 13 11 24
11%
Sammy Blais 27 STL LW 53 1 6 7
11%
Samuel Bolduc 23 NYI D 34 2 3 5
11%
Scott Mayfield 31 NYI D 41 0 5 5
11%
Simon Holmström 22 NYI RW 75 15 10 25
11%
Sonny Milano 27 WSH LW 49 15 8 23
11%
Steven Lorentz 27 FLA C 38 1 2 3
11%
Tanner Jeannot 26 TBL F 55 7 7 14
11%
Tanner Pearson 31 MTL LW 54 5 8 13
11%
Thomas Novak 26 NSH C 71 18 27 45
11%
Timothy Liljegren 24 TOR D 55 3 20 23
11%
T.J. Brodie 33 TOR D 78 1 25 26
11%
Tony DeAngelo 28 CAR D 31 3 8 11
11%
Trent Frederic 25 BOS C 82 18 22 40
11%
Troy Stecher 29 TOT D 54 1 6 7
11%
Tyler Bertuzzi 28 TOR LW 80 21 22 43
11%
Tyler Pitlick 32 NYR C 34 1 3 4
11%
Tyson Barrie 32 NSH D 41 1 14 15
11%
Tyson Jost 25 BUF C 43 3 3 6
11%
Vasily Podkolzin 22 VAN RW 19 0 2 2
11%
Vladislav Namestnikov 31 WPG C 78 11 26 37
11%
Yegor Chinakhov 22 CBJ RW 53 16 13 29
11%
Yegor Sharangovich 25 CGY C 82 31 28 59
11%
Zachary Bolduc 20 STL C 25 5 4 9
11%
Zemgus Girgensons 30 BUF C 63 8 6 14
11%
Adam Boqvist 23 CBJ D 35 1 9 10
5%
Adam Edstrom 23 NYR C 11 2 0 2
5%
Adam Klapka 23 CGY F 6 1 0 1
5%
Alexander Holtz 22 NJD RW 82 16 12 28
5%
Alexander Romanov 24 NYI D 81 7 15 22
5%
Alexandre Texier 24 CBJ C 78 12 18 30
5%
Alex Barré-Boulet 26 TBL F 36 6 3 9
5%
Alex Goligoski 38 MIN D 36 0 10 10
5%
Alex Steeves 24 TOR F 1 0 0 0
5%
Andrew Peeke 25 TOT D 38 1 9 10
5%
Arshdeep Bains 23 VAN F 8 0 0 0
5%
Arthur Kaliyev 22 LAK RW 51 7 8 15
5%
Axel Jonsson-Fjällby 25 WPG LW 26 2 3 5
5%
Barrett Hayton 23 ARI C 33 3 7 10
5%
Bokondji Imama 27 OTT LW 6 0 0 0
5%
Boris Katchouk 25 TOT LW 59 7 6 13
5%
Braden Schneider 22 NYR D 82 5 14 19
5%
Bradly Nadeau 18 CAR LW 1 0 0 0
5%
Brandon Biro 25 BUF F 5 2 0 2
5%
Brandon Duhaime 26 TOT RW 80 5 8 13
5%
Brandon Gignac 26 MTL C 7 1 0 1
5%
Brendan Brisson 22 VEG C 15 2 6 8
5%
Brennan Othmann 21 NYR LW 3 0 0 0
5%
Brett Leason 24 ANA RW 68 11 11 22
5%
Brock McGinn 29 ANA LW 24 1 2 3
5%
Cal Clutterbuck 36 NYI RW 82 7 12 19
5%
Calle Järnkrok 32 TOR C 52 10 11 21
5%
Calle Rosén 29 STL D 6 0 1 1
5%
Cameron Butler 21 CBJ F 1 0 0 0
5%
Carson Meyer 26 CBJ RW 14 1 1 2
5%
Carson Soucy 29 VAN D 40 2 4 6
5%
Chad Ruhwedel 33 TOT D 52 1 3 4
5%
Cole Koepke 25 TBL LW 9 0 2 2
5%
Connor Clifton 28 BUF D 79 4 14 18
5%
Connor Dewar 24 TOT C 74 11 8 19
5%
Conor Sheary 31 TBL LW 57 4 11 15
5%
Conor Timmins 25 TOR D 25 1 9 10
5%
Curtis Lazar 28 NJD C 71 7 18 25
5%
Daemon Hunt 21 MIN D 12 0 1 1
5%
Dakota Mermis 30 MIN D 47 3 5 8
5%
Danton Heinen 28 BOS C 74 17 19 36
5%
Denis Gurianov 26 TOT RW 18 1 1 2
5%
Dennis Gilbert 27 CGY D 34 1 6 7
5%
Dominic Toninato 29 WPG C 15 1 4 5
5%
Dominik Kubalík 28 OTT LW 74 11 4 15
5%
Dryden Hunt 28 CGY LW 28 3 5 8
5%
Eetu Luostarinen 25 FLA C 82 12 15 27
5%
Emil Andrae 21 PHI D 4 0 0 0
5%
Emil Heineman 22 MTL LW 4 0 0 0
5%
Filip Roos 25 CHI D 4 0 0 0
5%
Gage Goncalves 23 TBL C 2 0 0 0
5%
Glenn Gawdin 26 ANA C 1 0 0 0
5%
Henry Thrun 22 SJS D 51 3 8 11
5%
Ian Mitchell 25 BOS D 13 0 2 2
5%
Ilya Lyubushkin 29 TOT D 74 0 8 8
5%
Ilya Mikheyev 29 VAN F 78 11 20 31
5%
Ilya Solovyov 23 CGY D 10 0 3 3
5%
Isac Lundeström 24 ANA C 46 5 6 11
5%
Isak Rosen 20 BUF RW 7 0 0 0
5%
Jacob Bryson 26 BUF D 36 1 7 8
5%
Jacob MacDonald 30 SJS D 34 7 2 9
5%
Jacob Moverare 25 LAK D 24 1 0 1
5%
Jakob Pelletier 22 CGY LW 13 1 2 3
5%
Jakob Silfverberg 33 ANA LW 81 7 12 19
5%
Jakub Lauko 23 BOS C 60 2 8 10
5%
Jamie Oleksiak 31 SEA D 82 2 13 15
5%
Jarred Tinordi 31 CHI D 52 0 9 9
5%
Jason Zucker 32 TOT LW 69 14 18 32
5%
Jesper Boqvist 25 BOS C 47 6 8 14
5%
Jesse Puljujärvi 25 PIT RW 22 3 1 4
5%
Jesse Ylönen 24 MTL RW 59 4 4 8
5%
John Beecher 22 BOS C 52 7 3 10
5%
John Hayden 28 SEA C 2 0 0 0
5%
John Klingberg 31 TOR D 14 0 5 5
5%
John Ludvig 23 PIT D 33 3 2 5
5%
John Marino 26 NJD D 75 4 21 25
5%
Jordan Greenway 26 BUF LW 67 10 18 28
5%
Jordan Oesterle 31 CGY D 22 0 2 2
5%
Josh Mahura 25 FLA D 30 0 9 9
5%
J.T. Compher 28 DET LW 77 19 29 48
5%
Jujhar Khaira 29 MIN LW 1 0 0 0
5%
Justin Brazeau 25 BOS F 19 5 2 7
5%
Justin Danforth 30 CBJ RW 71 10 16 26
5%
Kaedan Korczak 23 VEG D 26 1 8 9
5%
Kailer Yamamoto 25 SEA RW 59 8 8 16
5%
Klim Kostin 24 TOT C 52 8 6 14
5%
Kyle MacLean 24 NYI F 32 4 5 9
5%
Louis Crevier 22 CHI D 24 0 3 3
5%
Lucas Condotta 26 MTL F 3 0 0 0
5%
Lukas Reichel 21 CHI LW 65 5 11 16
5%
Mackenzie Entwistle 24 CHI RW 67 5 6 11
5%
Marcus Johansson 33 MIN C 78 11 19 30
5%
Martin Fehérváry 24 WSH D 66 3 13 16
5%
Matt Benning 29 SJS D 14 0 2 2
5%
Matthew Coronato 21 CGY RW 34 3 6 9
5%
Mattias Janmark 31 EDM C 71 4 8 12
5%
Max Comtois 25 CAR LW 1 0 1 1
5%
Max McCormick 31 SEA LW 1 0 0 0
5%
Maxwell Crozier 23 TBL D 13 0 2 2
5%
Maxwell Willman 28 NJD C 18 3 1 4
5%
Michael Pezzetta 25 MTL C 61 3 9 12
5%
Milan Lucic 35 BOS LW 4 0 2 2
5%
Miloš Kelemen 24 ARI F 10 0 1 1
5%
Nick Bjugstad 31 ARI C 76 22 23 45
5%
Nick Blankenburg 25 CBJ D 12 1 0 1
5%
Nick Bonino 35 NYR C 45 1 4 5
5%
Nicolas Aubé-Kubel 27 WSH RW 60 6 10 16
5%
Nikita Zaitsev 32 CHI D 38 2 5 7
5%
Nikolai Knyzhov 25 SJS D 10 0 1 1
5%
Nils Lundkvist 23 DAL D 59 2 17 19
5%
Noah Juulsen 26 VAN D 54 1 6 7
5%
Noel Acciari 32 PIT C 55 4 3 7
5%
Oliver Kylington 26 CGY D 33 3 5 8
5%
Oliver Wahlstrom 23 NYI RW 32 2 4 6
5%
Pat Maroon 35 TOT LW 51 4 12 16
5%
Patrik Koch 27 ARI D 1 0 0 0
5%
Pavel Mintyukov 20 ANA D 63 4 24 28
5%
Pavol Regenda 24 ANA F 5 0 0 0
5%
Philipp Kurashev 24 CHI C 75 18 36 54
5%
Phillip Di Giuseppe 30 VAN LW 51 5 5 10
5%
Pierre-Édouard Bellemare 38 SEA LW 40 4 3 7
5%
Rickard Rakell 30 PIT RW 70 15 22 37
5%
Ryan Poehling 25 PHI C 77 11 17 28
5%
Ryan Winterton 20 SEA C 9 0 0 0
5%
Sam Gagner 34 EDM C 28 5 5 10
5%
Sam Malinski 25 COL D 23 3 7 10
5%
Samuel Poulin 22 PIT RW 3 0 0 0
5%
Scott Sabourin 31 SJS F 3 0 0 0
5%
Sean Kuraly 31 CBJ C 62 9 9 18
5%
Simon Benoit 25 TOR D 64 1 4 5
5%
Simon Edvinsson 20 DET D 16 1 1 2
5%
Tomáš Tatar 33 TOT LW 70 9 15 24
5%
Tye Kartye 22 SEA F 77 11 9 20
5%
Ty Emberson 23 SJS D 30 1 9 10
5%
Tyson Foerster 22 PHI RW 77 20 13 33
5%
Uvis Balinskis 27 FLA D 26 1 2 3
5%
Victor Mete 25 PHI D 1 0 0 0
5%
Victor Söderström 22 ARI D 3 0 0 0
5%
Vincent Desharnais 27 EDM D 78 1 10 11
5%
Vinnie Hinostroza 29 PIT C 14 1 2 3
5%
Walker Duehr 26 CGY F 40 2 5 7
5%
Warren Foegele 27 EDM LW 82 20 21 41
5%
Wyatt Kaiser 21 CHI D 32 0 7 7
5%
Yakov Trenin 27 TOT C 76 12 5 17
5%
Yegor Zamula 23 PHI D 66 5 16 21
5%
Zach Aston-Reese 29 DET C 3 0 0 0
5%
Zach Benson 18 BUF LW 71 11 19 30
5%
Zach Bogosian 33 TOT D 65 3 11 14
5%
Zach Parise 39 COL LW 30 5 5 10
5%
Zack Ostapchuk 20 OTT C 7 0 0 0
5%
Adam Beckman 22 MIN LW 11 0 2 2
0%
Adam Erne 28 EDM LW 24 1 1 2
0%
Adam Ginning 24 PHI D 9 1 0 1
0%
Adam Raška 22 MIN RW 5 0 0 0
0%
Akito Hirose 24 VAN D 3 0 0 0
0%
Alexander Alexeyev 24 WSH D 39 1 2 3
0%
Alexander Barabanov 29 SJS F 46 4 9 13
0%
Alexey Toropchenko 24 STL RW 82 14 7 21
0%
Andreas Athanasiou 29 CHI C 28 2 7 9
0%
Andreas Englund 28 LAK D 82 1 9 10
0%
Andrew Cogliano 36 COL LW 75 6 13 19
0%
Andrew Poturalski 30 SEA C 2 0 0 0
0%
Angus Crookshank 24 OTT LW 13 2 1 3
0%
Anton Blidh 28 NYR LW 1 0 0 0
0%
Austin Czarnik 31 DET C 34 0 1 1
0%
Beck Malenstyn 25 WSH LW 81 6 15 21
0%
Ben Meyers 25 TOT F 23 1 2 3
0%
Benoit-Olivier Groulx 23 ANA C 45 0 2 2
0%
Brad Lambert 20 WPG C 1 0 1 1
0%
Brandon Scanlin 24 NYR D 1 0 0 0
0%
Brendan Gaunce 29 CBJ C 24 2 2 4
0%
Brett Seney 27 CHI LW 4 0 0 0
0%
Brian Halonen 25 NJD F 2 0 0 0
0%
Byron Froese 32 VEG C 16 0 1 1
0%
Callan Foote 25 NJD D 4 0 1 1
0%
Cameron Crotty 24 ARI D 1 0 0 0
0%
Carl Grundström 26 LAK RW 50 8 4 12
0%
Chris Tierney 29 NJD C 52 4 8 12
0%
Chris Wagner 32 COL C 13 1 1 2
0%
Cole Guttman 24 CHI C 27 4 4 8
0%
Cole McWard 22 VAN D 1 0 0 0
0%
Connor Mackey 27 NYR D 1 0 0 0
0%
Daniil Gushchin 21 SJS LW 4 1 1 2
0%
Daniil Miromanov 26 TOT D 24 3 4 7
0%
Declan Carlile 23 TBL D 1 0 0 0
0%
Declan Chisholm 24 TOT D 31 3 6 9
0%
Derrick Pouliot 30 DAL D 5 0 0 0
0%
Dmitri Voronkov 23 CBJ LW 75 18 16 34
0%
Dylan McIlrath 31 WSH D 3 0 1 1
0%
Egor Afanasyev 23 NSH LW 2 0 0 0
0%
Emil Bemström 24 TOT C 56 8 8 16
0%
Emil Martinsen Lilleberg 22 TBL D 37 0 5 5
0%
Erik Brännström 24 OTT D 76 3 17 20
0%
Ethan Del Mastro 21 CHI D 2 0 0 0
0%
Filip Zadina 24 SJS RW 72 13 10 23
0%
Gavin Brindley 19 CBJ C 1 0 0 0
0%
Georgii Merkulov 23 BOS F 4 0 0 0
0%
Grigori Denisenko 23 VEG LW 6 0 0 0
0%
Hardy Haman Aktell 25 WSH D 6 0 1 1
0%
Henri Jokiharju 24 BUF D 74 3 17 20
0%
Hudson Fasching 28 NYI RW 45 4 10 14
0%
Hugh McGing 25 STL LW 5 0 0 0
0%
Ivan Miroshnichenko 19 WSH LW 21 2 4 6
0%
Jack Studnicka 24 TOT C 22 1 0 1
0%
Jacob Bernard-Docker 23 OTT D 72 4 10 14
0%
Jake Christiansen 24 CBJ D 12 0 2 2
0%
Jake Leschyshyn 24 NYR C 1 0 0 0
0%
Jake Lucchini 28 MIN F 40 2 3 5
0%
James Hamblin 24 EDM F 31 2 1 3
0%
James Malatesta 20 CBJ LW 11 2 2 4
0%
Jani Hakanpää 31 DAL D 64 2 10 12
0%
Jan Jeník 23 ARI RW 5 0 1 1
0%
Jansen Harkins 26 PIT C 45 0 4 4
0%
Jaret Anderson-Dolan 24 TOT C 31 1 3 4
0%
Jason Polin 24 COL F 7 1 0 1
0%
Jaycob Megna 31 CHI D 44 0 2 2
0%
Jayson Megna 33 BOS C 1 0 0 0
0%
Jean-Luc Foudy 21 COL C 4 1 0 1
0%
Jiri Kulich 19 BUF C 1 0 0 0
0%
Jiri Smejkal 27 OTT F 20 1 1 2
0%
Joe Snively 28 WSH F 3 0 0 0
0%
Johnathan Kovacevic 26 MTL D 62 6 7 13
0%
John St. Ivany 24 PIT D 14 0 1 1
0%
Jonah Gadjovich 25 FLA LW 39 2 2 4
0%
Jonas Røndbjerg 24 VEG RW 20 1 2 3
0%
Jonathon Merrill 31 MIN D 65 4 7 11
0%
Jonny Brodzinski 30 NYR C 57 6 13 19
0%
Joona Koppanen 25 PIT LW 4 0 0 0
0%
Justin Dowling 33 NJD C 2 1 0 1
0%
Justin Sourdif 21 FLA RW 3 0 0 0
0%
Juuso Pärssinen 22 NSH C 44 8 4 12
0%
Juuso Välimäki 25 ARI D 68 2 15 17
0%
Kale Clague 25 BUF D 3 0 1 1
0%
Kyle Burroughs 28 SJS D 73 2 6 8
0%
Landon Slaggert 21 CHI LW 16 1 3 4
0%
Liam Foudy 23 TOT C 13 0 3 3
0%
Louis Belpedio 27 PHI D 12 2 2 4
0%
Luca Del Bel Belluz 20 CBJ C 1 1 0 1
0%
Lukas Cormier 21 VEG D 2 0 1 1
0%
Lukáš Rousek 24 BUF RW 15 0 2 2
0%
Mackenzie MacEachern 29 STL LW 8 0 1 1
0%
Mackie Samoskevich 21 FLA RW 7 0 0 0
0%
Maksymilian Szuber 21 ARI D 1 0 0 0
0%
Marat Khusnutdinov 21 MIN C 16 1 3 4
0%
Marc Del Gaizo 24 NSH D 9 0 3 3
0%
Marc Johnstone 27 PIT F 1 0 0 0
0%
Marc McLaughlin 24 BOS F 1 1 0 1
0%
Marco Scandella 33 STL D 65 2 6 8
0%
Marián Studenič 25 SEA RW 2 0 0 0
0%
Mark Friedman 28 VAN D 23 0 1 1
0%
Mark Kastelic 24 OTT C 63 5 5 10
0%
Marshall Rifai 25 TOR D 2 0 0 0
0%
Mason Morelli 27 VEG F 9 3 1 4
0%
Matthew Highmore 27 OTT LW 7 0 2 2
0%
Matthew Nieto 31 PIT LW 22 1 3 4
0%
Matthew Savoie 20 BUF C 1 0 0 0
0%
Max Guenette 22 OTT D 7 0 0 0
0%
Maxime Lajoie 26 TOR D 7 0 1 1
0%
Michael Carcone 27 ARI F 74 21 8 29
0%
Michael Eyssimont 27 TBL C 81 11 14 25
0%
Michael McCarron 28 NSH RW 70 12 10 22
0%
Michael Sgarbossa 31 WSH C 25 4 3 7
0%
Mikael Pyyhtia 22 CBJ LW 17 0 2 2
0%
Mitchell Chaffee 26 TBL F 30 4 3 7
0%
Nick DeSimone 29 TOT D 34 2 5 7
0%
Nicklaus Perbix 25 TBL D 77 2 22 24
0%
Nic Petan 28 MIN C 6 0 2 2
0%
Nikita Alexandrov 23 STL C 23 0 2 2
0%
Nikita Chibrikov 20 WPG RW 1 1 0 1
0%
Nikita Nesterenko 22 ANA C 3 1 0 1
0%
Nikita Okhotyuk 23 TOT D 52 1 8 9
0%
Nikolas Matinpalo 25 OTT D 4 0 0 0
0%
Nolan Foote 23 NJD LW 4 1 0 1
0%
Olle Lycksell 24 PHI RW 18 1 4 5
0%
Oskar Olausson 21 COL RW 1 0 0 0
0%
Parker Wotherspoon 26 BOS D 41 0 8 8
0%
Radim Zohorna 27 PIT F 33 4 3 7
0%
Raphael Lavoie 23 EDM C 7 0 0 0
0%
Rasmus Kupari 23 WPG C 28 0 1 1
0%
Riley Tufte 25 COL LW 5 1 1 2
0%
Robert Bortuzzo 34 TOT D 27 0 0 0
0%
Robert Hägg 28 ANA D 5 0 0 0
0%
Roby Jarventie 21 OTT LW 7 0 1 1
0%
Ronald Attard 24 PHI D 12 0 2 2
0%
Rourke Chartier 27 OTT C 37 2 1 3
0%
Ruslan Iskhakov 23 NYI C 1 0 1 1
0%
Sam Colangelo 22 ANA RW 3 1 0 1
0%
Samuel Fagemo 23 TOT LW 8 1 0 1
0%
Samuel Laberge 26 NJD W 2 0 0 0
0%
Santeri Hatakka 23 NJD D 12 0 2 2
0%
Scott Morrow 21 CAR D 2 0 0 0
0%
Scott Perunovich 25 STL D 54 0 17 17
0%
Shakir Mukhamadullin 22 SJS D 3 0 1 1
0%
Shane Bowers 24 NJD C 8 0 0 0
0%
Sheldon Rempal 28 VEG RW 9 2 1 3
0%
Spencer Stastney 24 NSH D 20 2 2 4
0%
Stefan Noesen 30 CAR RW 81 14 23 37
0%
Thomas Bordeleau 22 SJS C 27 6 5 11
0%
Tobias Björnfot 22 TOT D 4 0 0 0
0%
Tomáš Nosek 31 NJD C 36 2 4 6
0%
Travis Boyd 30 ARI C 16 2 6 8
0%
Travis Dermott 27 ARI D 50 2 5 7
0%
Trey Fix-Wolansky 24 CBJ RW 11 2 1 3
0%
Tristan Luneau 20 ANA D 7 1 2 3
0%
Ty Dellandrea 23 DAL C 42 2 7 9
0%
Tyler Angle 23 CBJ C 2 0 0 0
0%
Tyler Kleven 22 OTT D 9 0 1 1
0%
Tyler Motte 28 TBL C 69 6 3 9
0%
Urho Vaakanainen 25 ANA D 68 1 13 14
0%
Valtteri Puustinen 24 PIT RW 52 5 15 20
0%
Vasiliy Ponomarev 21 CAR C 2 1 1 2
0%
Vincent Iorio 21 WSH D 6 0 0 0
0%
Vinni Lettieri 28 MIN C 46 5 4 9
0%
Vladislav Kolyachonok 22 ARI D 5 1 3 4
0%
Waltteri Merela 25 TBL F 19 1 0 1
0%
William Lagesson 27 TOT D 40 0 4 4
0%
William Lockwood 25 FLA RW 26 0 1 1
0%
Zach Sanford 29 TOT LW 29 0 6 6
0%
Zack MacEwen 27 OTT C 30 2 1 3
0%
No matching quizzes found
Score Distribution
Percent of People with Each Score
Percentile by Number Answered
Your Score History
You have not taken this quiz